Bleach's Gotei 13 (Captains and Lieutenants) - Statistics

General Stats
  • This quiz has been taken 1,340 times
  • The average score is 28 of 49
Answer Stats
Role Name % Correct
Former 1st Division Captain Genryusai Yamamoto
94%
Former 5th Division Captain Sosuke Aizen
89%
6th Division Captain Byakuya Kuchiki
88%
Former 4th Division Captain Retsu Unohana
88%
Former 3rd Division Captain Gin Ichimaru
85%
13th Division Captain (Epilogue) Rukia Kuchiki
85%
1st Division Captain (Last arc and Epilogue) Shunsui Kyoraku
85%
Former 8th Division Captain Shunsui Kyoraku
85%
2nd Division Captain Sui-Feng
85%
10th Division Captain Toshiro Hitsugaya
84%
6th Division Lieutenant Renji Abarai
83%
11th Division Captain Zaraki Kenpachi
83%
12th Division Captain (100 years ago) Kisuke Urahara
78%
Former 9th Division Captain Kaname Tosen
77%
12th Division Captain Mayuri Kurotsuchi
76%
10th Division Lieutenant Rangiku Matsumoto
76%
5th Division Captain Shinji Hirako
76%
2nd Division Captain (110 years ago) Yoruichi Shihoin
73%
Former 13th Division Captain Jushiro Ukitake
72%
Former 7th Division Captain Sajin Komamura
70%
5th Division Lieutenant Momo Hinamori
65%
3rd Division Lieutenant Izuru Kira
63%
1st Division Co-Lieutenant Nanao Ise
62%
11th Division Lieutenant (Epilogue) Ikkaku Madarame
60%
Former 12th Division Lieutenant Nemu Kurotsuchi
59%
Former 11th Division Lieutenant Yachiru Kusajishi
59%
4th Division Captain (Epilogue) Isane Kotetsu
56%
Former 10th Division Captain Isshin Shiba
55%
8th Division Captain (Epilogue) Lisa Yadomaru
55%
3rd Division Captain Rojuro Otoribashi
55%
9th Division Co-Lieutenant Shuhei Hisagi
54%
7th Division Captain (110 years ago) Love Aikawa
52%
9th Division Captain Kensei Muguruma
50%
2nd Division Lieutenant Marechiyo Omaeda
50%
Former 1st Division Lieutenant Chojiro Sasakibe
49%
Former 13th Division Lieutenant (deceased) Kaien Shiba
44%
12th Division Lieutenant (110 years ago) Hiyori Sarugaki
42%
11th Division's 3rd Seat (Epilogue) Yumichika Ayasegawa
42%
7th Division Captain (Epilogue) Tetsuzaemon Iba
41%
Former 13th Division Co-Lieutenant Kiyone Kotetsu
32%
9th Division "Super-Lieutenant" Kuna Mashiro
31%
12th Division Lieutenant (Epilogue) Akon
23%
Former 12th Division Captain (promoted to the Zero Division) Kirio Hikifune
22%
4th Division Lieutenant (Epilogue) Kiyone Kotetsu
21%
6th Division Captain (110 years ago) Ginrei Kuchiki
20%
1st Division Co-Lieutenant Genshiro Okikiba
13%
4th Division Lieutenant (110 years ago) Seinosuke Yamada
13%
13th Division Lieutenant/3rd Seat -unknown- (Epilogue) Sentaro Kotsubaki
11%
Former 11th Division Captain Kiganjo Kenpachi
8%
No matching quizzes found
Score Distribution
Percent of People with Each Score
Percentile by Number Answered
Your Score History
You have not taken this quiz